Statistics for Cuphead Quiz

Click here to take the quiz!

General Stats

  • This quiz has been taken 188 times
  • The average score is 11 of 20

Answer Stats

HintAnswer% Correct
Inkwell Hell casino ownerThe Devil
97%
[Above]'s lackeyKing Dice
87%
When you slap a pink objectParry
82%
Supervisor of Cuphead and MugmanElder Kettle
75%
What Cuphead and Mugman are collecting{Soul} Contracts
70%
Default shotPeashooter
68%
First Boss you fightThe Root Pack
68%
Roll Cuphead got that caused them to collect the debtor's soul contractsSnake Eyes
65%
Type of level where you avoid obstacles to get to the end of a courseRun and Gun
64%
Accent used by Werner WermanGerman
58%
Emporium ownerPorkrind
58%
What DLC stands forDelicious Last Course
46%
Company that made CupheadStudio {MDHR}
44%
Ribby and Croaks' level nameClip Joint Calamity
39%
Name of first [above]Forest Follies
36%
Character in MausoleumLegendary Chalice
35%
8-ball Casino BossMangosteen
34%
Name of the puppet Djimmi the Great makesCuppet
33%
Casino Boss that hiccups in death quoteTipsy Troop
29%
New playable character in [above]Chalice Lady
2%

Score Distribution

Percentile by Number Answered

Percent of People with Each Score

Your Score History

You have not taken this quiz